| 000 | 00629nam a22002057a 4500 | ||
|---|---|---|---|
| 003 | OSt | ||
| 005 | 20140310182033.0 | ||
| 008 | 130814t xxu||||| |||| 00| 0 eng d | ||
| 020 | _a9781590840030 | ||
| 050 |
_aU 225 _b.M478Sm 2003 |
||
| 082 |
_aHS 355 _bM23 2003 |
||
| 100 |
_aMcNab, Chris _910267 |
||
| 245 |
_aSurvive in the Mountains with the US Rangers and Army Mountain Division / _cChris McNab. |
||
| 260 |
_aPA : _bMason Crest Publishers, _cc2003. |
||
| 300 |
_a96 p. : _bill. col. ; _c24 cm. |
||
| 440 |
_aElite Forces Survival Guides _910242 |
||
| 650 |
_aSoldiers. _910384 |
||
| 942 |
_2lcc _cHS |
||
| 999 |
_c8610 _d8610 |
||